[Event "Katowice op"]
[Site "Katowice"]
[Date "1990.??.??"]
[Round "9"]
[White "Levin, Felix"]
[Black "Cichocki, Adam"]
[Result "1/2-1/2"]
[WhiteElo "2375"]
[BlackElo "2335"]

1.d4 d5 2.c4 c6 3.Nf3 Nf6 4.Nc3 e6 5.e3 Nbd7 6.Bd3 dxc4 7.Bxc4 b5 8.Bd3 a6
9.e4 c5 10.e5 cxd4 11.Nxb5 Nxe5 12.Nxe5 axb5 13.Bxb5+ Bd7 14.Nxd7 Qa5+ 15.Bd2 Qxb5
16.Nxf8 Kxf8 17.b3 h5 18.a4 Qd5 19.O-O h4 20.h3 g5 21.f4 g4 22.hxg4 h3 23.Qf3 Ne4
24.Rfd1 hxg2 25.Qxg2 f5 26.Bb4+ Kf7 27.Rac1 Ra7 28.Rd3 Rh4 29.gxf5 Qxf5 30.Rc8 Rg4
31.Rf8+ Kg6 32.Rxf5 Kxf5 33.Qxg4+ Kxg4 34.Rxd4 Kf3 35.Kf1 Ke3 36.Rc4 Rh7
37.Rc2 Kf3 38.Kg1 Rg7+ 39.Kf1 Rh7 40.Kg1 Rg7+ 41.Kf1 Rd7 42.Ke1 Rh7 43.Kd1 Nf2+
44.Rxf2+ Kxf2 45.Kc2 Ke3 46.Bd6 Kd4 47.Kb2 Kd5 48.Be5 Kc5 49.Ka3 Rh3 50.Bb8 Rf3
51.Ba7+ Kc6 52.Bb8 Kc5 53.Ba7+  1/2-1/2

[Event "Balkaniad"]
[Site "Kavala"]
[Date "1990.??.??"]
[Round "1"]
[White "Genova, Ruzka"]
[Black "Botsari Miladinovic, Anna Maria"]
[Result "1-0"]
[WhiteElo "2200"]
[BlackElo "2205"]

1.d4 Nf6 2.Nf3 e6 3.c4 d5 4.Nc3 c6 5.e3 Nbd7 6.Qc2 Be7 7.Be2 O-O 8.O-O b6
9.e4 dxe4 10.Nxe4 c5 11.Rd1 Qc7 12.Nc3 cxd4 13.Nxd4 Bb7 14.Ndb5 Qb8 15.Bg5 Re8
16.Qd2 Nc5 17.Qe3 e5 18.Bxf6 Bxf6 19.Nd6 Re6 20.Nxb7 Qxb7 21.Bg4 Ree8 22.b4 Na6
23.Nd5 Bd8 24.Bd7 Rf8 25.Qf3 Qxd7 26.Nf6+ Bxf6 27.Rxd7 e4 28.Qd1 Bxa1 29.Qxa1 Nxb4
30.h4 Nc6 31.Qd1 Rae8 32.Qa4 Re6 33.Rc7 Ne5 34.Rxa7 Rc6 35.Ra8 Rxc4 36.Rxf8+ Kxf8
37.Qa8+ Ke7 38.Qb7+ Nd7 39.Qd5 Rc1+ 40.Kh2 Nf6 41.Qb7+ Ke8 42.Qxb6 h5 43.Qb8+ Kd7
44.Qb2 Rd1 45.a4 Rd3 46.g3 Ng4+ 47.Kg1 Ke6 48.Qa2+ Ke7 49.a5 Ne5 50.Qa4 Nf3+
51.Kf1 Rd4 52.Qc2 Rc4 53.Qb2 Ra4 54.a6 Nd4 55.Qb7+ Kd6 56.a7 Ra1+ 57.Kg2 Nf3
58.Qxe4 Rxa7 59.Qd3+ Kc5 60.Qxf3 Rd7 61.Qc3+  1-0

[Event "Kecskemet op"]
[Site "Kecskemet"]
[Date "1990.??.??"]
[Round "?"]
[White "Naumann, Frank"]
[Black "Haragos, Kalman"]
[Result "1-0"]
[WhiteElo "2305"]
[BlackElo "2205"]

1.d4 Nf6 2.c4 e6 3.Nf3 d5 4.Nc3 c6 5.e3 Nbd7 6.Bd3 dxc4 7.Bxc4 b5 8.Be2 Bb7
9.O-O a6 10.e4 b4 11.e5 bxc3 12.exf6 cxb2 13.fxg7 Bxg7 14.Bxb2 O-O 15.Ba3 Re8
16.Rb1 Qc7 17.Ng5 Nf6 18.Qc2 h6 19.Ne4 Nxe4 20.Qxe4 Rad8 21.Bc5 Rd7 22.Rb6 Qc8
23.Rfb1 Qa8 24.R1b3 Qc8 25.Qb1  1-0

[Event "Kecskemet op"]
[Site "Kecskemet"]
[Date "1990.??.??"]
[Round "?"]
[White "Landenbergue, Claude"]
[Black "Taskovits, Istvan"]
[Result "1-0"]
[WhiteElo "2385"]
[BlackElo "2220"]

1.d4 d5 2.c4 c6 3.e3 e6 4.Nf3 Nf6 5.Nc3 Nbd7 6.Be2 dxc4 7.a4 Bb4 8.O-O O-O
9.Bxc4 Qe7 10.Ne2 e5 11.Ng3 e4 12.Nd2 Nb6 13.Be2 Nbd5 14.Nc4 c5 15.dxc5 Bxc5
16.Bd2 Nb4 17.Qb1 Re8 18.Bc3 Nfd5 19.Nd2 f5 20.Bc4 Kh8 21.Nb3 Nxc3 22.bxc3 Nc6
23.Bb5 g6 24.Bxc6 bxc6 25.Nxc5 Qxc5 26.Qb4 Qxb4 27.cxb4 a5 28.Rfb1 Bd7 29.h4 Re5
30.h5 Kg7 31.hxg6 hxg6 32.Ne2 Ra7 33.bxa5 Rexa5 34.Nd4 Kf6 35.Rd1 Ke7 36.Nb3 Rd5
37.Rxd5 cxd5 38.a5 Kd6 39.Nd4 g5 40.Rb1 f4 41.Rb6+ Kc5 42.Rg6 Kc4 43.Rg7 fxe3
44.fxe3 Kd3 45.Nc6 Rc7 46.Ne5+ Kxe3 47.Rxd7 Rc1+ 48.Kh2 d4 49.a6 d3 50.Kg3 Ra1
51.a7 Ke2 52.Nc4 Ra4 53.Re7 d2 54.Rxe4+ Kd3 55.Nb2+ Kxe4 56.Nxa4  1-0

[Event "Kherson"]
[Site "Kherson"]
[Date "1990.??.??"]
[Round "?"]
[White "Kovalev, S."]
[Black "Stripunsky, Alexander"]
[Result "0-1"]
[WhiteElo "2290"]
[BlackElo "2310"]

1.Nf3 d5 2.c4 c6 3.d4 Nf6 4.Nc3 e6 5.e3 Nbd7 6.Qc2 Bd6 7.Be2 O-O 8.O-O dxc4
9.Bxc4 b5 10.Be2 Bb7 11.b3 a6 12.Ne4 Nxe4 13.Qxe4 Qe7 14.Bb2 f5 15.Qc2 c5
16.a4 Rac8 17.axb5 cxd4 18.Qd1 dxe3 19.fxe3 axb5 20.Bxb5 Nf6 21.Bc4 Ng4 22.Qe2 Kh8
23.h3 Bxf3 24.gxf3 Nf6 25.Ra6 Nh5 26.Qg2 e5 27.Kh2 Rf6 28.Qg5 Qe8 29.Rd1 Rd8
30.Kh1 h6 31.Qg2 Rg6 32.Qf2 Qe7 33.Bc3 f4 34.exf4 Rg3 35.Bf1 exf4 36.Ba5 Qh4
37.Qc2  0-1

[Event "JUG-ch"]
[Site "Kladovo"]
[Date "1990.??.??"]
[Round "?"]
[White "Kozul, Zdenko"]
[Black "Kosic, Dragan"]
[Result "1/2-1/2"]
[WhiteElo "2575"]
[BlackElo "2415"]

1.d4 d5 2.c4 c6 3.e3 Nf6 4.Nc3 e6 5.Nf3 Nbd7 6.Bd3 dxc4 7.Bxc4 b5 8.Bd3 a6
9.e4 c5 10.d5 c4 11.dxe6 fxe6 12.Bc2 Qc7 13.O-O Bd6 14.Nd4 Nb6 15.Kh1 Bd7
16.f4 e5 17.Nf3 Bg4 18.a4 Bxf3 19.Qxf3 b4 20.fxe5 Bxe5 21.a5 Nbd7 22.Nd5 Qd6
23.Nxf6+ Nxf6 24.Ba4+ Ke7 25.Bg5 Rad8 26.Rad1 Qe6 27.Qe3 Rxd1 28.Rxd1 Rc8
29.Bd7 Rd8 30.Qc5+ Bd6 31.Bxe6 Bxc5 32.Rxd8 Kxe6 33.Bxf6 gxf6 34.Ra8 c3 35.bxc3 bxc3
36.Rxa6+ Kd7 37.Rxf6 c2 38.Rf1 Be3 39.g4 c1=Q 40.Rxc1 Bxc1 41.Kg2 Bd2 42.a6 Kc6
43.Kf3 Kb6 44.e5 Kxa6 45.Ke4 Kb6 46.Kf5 Kc7 47.Kf6 Kd8 48.h4 Be1  1/2-1/2

[Event "JUG-ch"]
[Site "Kladovo"]
[Date "1990.??.??"]
[Round "?"]
[White "Gligoric, Svetozar"]
[Black "Kosic, Dragan"]
[Result "0-1"]
[WhiteElo "2485"]
[BlackElo "2415"]

1.d4 d5 2.Nf3 Nf6 3.c4 c6 4.Nc3 e6 5.e3 Nbd7 6.Bd3 dxc4 7.Bxc4 b5 8.Bd3 a6
9.e4 c5 10.d5 e5 11.O-O c4 12.Bc2 Bc5 13.Ne2 O-O 14.b3 Ne8 15.bxc4 bxc4 16.Ng3 Nd6
17.Ba4 f6 18.Bd2 Rb8 19.Bc6 Nb6 20.Rb1 Bd7 21.Ba5 Qc7 22.Bxd7 Qxd7 23.Nd2 Qa4
24.Qxa4 Nxa4 25.Bc7 Rxb1 26.Rxb1 Nb5 27.Ba5 c3 28.Nb3 Ba3 29.Nf5 c2 30.Re1 g6
31.Ne3 Rc8 32.Bd2 Nd4 33.Kf1 Kf7 34.f3 h5 35.h4 Bb2 36.Nc1 Nc3 37.Nd3 Ba3
38.Kf2 Bd6 39.Bxc3 Rxc3 40.Nc1 Bc5 41.g3 Nb5  0-1

[Event "JUG-sf"]
[Site "Kladovo"]
[Date "1990.??.??"]
[Round "3"]
[White "Maksimovic, Branimir"]
[Black "Vebic, Kasem"]
[Result "1-0"]
[WhiteElo "2365"]
[BlackElo "2315"]

1.d4 d5 2.c4 c6 3.Nc3 Nf6 4.e3 e6 5.Nf3 Nbd7 6.Qc2 Bd6 7.Be2 O-O 8.O-O Re8
9.Bd2 b6 10.e4 dxe4 11.Nxe4 Nxe4 12.Qxe4 Bb7 13.Bc3 Nf6 14.Qc2 Qc7 15.Rad1 Rad8
16.Rfe1 c5 17.dxc5 bxc5 18.Bxf6 gxf6 19.g3 Qc6 20.Rd2 Be5 21.Red1 Bd4 22.b4 e5
23.b5 Qe6 24.Nxd4 exd4 25.Qd3 Be4 26.Qa3 Qf5 27.g4 Qf4 28.Qg3 Qxg3+ 29.hxg3 Kg7
30.a4 Re7 31.a5 d3 32.Bxd3 Red7 33.Bxe4 Rxd2 34.Rc1 Rd1+ 35.Rxd1 Rxd1+ 36.Kg2 Rd6
37.Kf3 h6 38.Bd5 Kf8 39.Ke4 Ke7 40.Kf5 Kf8 41.b6 axb6 42.a6 Rd7 43.Bb7 Kg7
44.a7 Rxb7 45.a8=Q Re7 46.f4 Re6 47.Qd8 Rc6 48.Ke4 Re6+ 49.Kd5 Re3 50.Qxb6 Rxg3
51.Qxc5 Rxg4 52.Qf2 h5 53.c5 h4 54.c6 h3 55.Qf3  1-0

[Event "JUG-sf"]
[Site "Kladovo"]
[Date "1990.??.??"]
[Round "6"]
[White "Blagojevic, Dragisa"]
[Black "Kosanovic, Goran A"]
[Result "1/2-1/2"]
[WhiteElo "2395"]
[BlackElo "2405"]

1.Nf3 d5 2.d4 Nf6 3.c4 c6 4.Nc3 e6 5.e3 Nbd7 6.Bd3 Bd6 7.e4 dxe4 8.Nxe4 Nxe4
9.Bxe4 Bb4+ 10.Bd2 Bxd2+ 11.Qxd2 c5 12.O-O Nf6 13.Bc2 cxd4 14.Rfd1 O-O 15.Qxd4 Qxd4
16.Rxd4 b6 17.Ne5 Bb7 18.Nd7 Nxd7 19.Rxd7 Bc6  1/2-1/2

[Event "JUG-sf"]
[Site "Kladovo"]
[Date "1990.??.??"]
[Round "7"]
[White "Nikolic, Nebojsa"]
[Black "Blagojevic, Dragisa"]
[Result "1/2-1/2"]
[WhiteElo "2390"]
[BlackElo "2395"]

1.d4 Nf6 2.Nf3 d5 3.c4 c6 4.Nc3 e6 5.e3 Nbd7 6.Qc2 Bd6 7.Bd3 O-O 8.O-O dxc4
9.Bxc4 e5 10.h3 exd4 11.exd4 Nb6 12.Bb3 Nfd5 13.Bxd5 cxd5 14.a4 f6 15.Re1 Bd7
16.a5 Nc4 17.Nxd5 Nxa5 18.Bf4 Bxf4 19.Nxf4 Rc8 20.Qd3 Rf7 21.d5 Qb6 22.Qa3 Nc4
23.Qxa7 Qd6 24.Qd4 Nxb2 25.Nd2  1/2-1/2

[Event "JUG-sf"]
[Site "Kladovo"]
[Date "1990.??.??"]
[Round "7"]
[White "Maksimovic, Branimir"]
[Black "Stanojoski, Zvonko"]
[Result "1/2-1/2"]
[WhiteElo "2365"]
[BlackElo "2310"]

1.d4 d5 2.c4 c6 3.Nc3 Nf6 4.e3 e6 5.Nf3 Nbd7 6.Qc2 Bd6 7.Be2 O-O 8.O-O dxc4
9.Bxc4 e5 10.Bb3 Qc7 11.h3 exd4 12.exd4 Bf4 13.Re1 Nb6 14.Ne5 Bxc1 15.Raxc1 Qd6
16.Ne4 Nxe4 17.Qxe4 Be6 18.Bc2 g6 19.Qh4 Qd8 20.Qh6 Qf6 21.Bb3 Bxb3 22.axb3 Qg7
23.Qh4 Nd5 24.Nd7 Rfe8 25.Re5 Red8 26.Rce1 f6 27.Rxd5 cxd5 28.Nxf6+ Kh8 29.Re5 Rf8
30.Nxd5 Rae8 31.f4 Qf7 32.Ne7 Kg7 33.f5 Qf6 34.Qe4 Rf7 35.Nxg6 Rxe5 36.Nxe5 Qxf5
37.Qe1 Re7 38.Qg3+ Kf8 39.Qh4 Ke8 40.Qh6 Qe6 41.Qf4 Kd8 42.Kh2 Kc8 43.b4 Qd6
44.b5 Re8 45.h4 Rd8 46.Qf5+ Kb8 47.Qxh7 Qxd4 48.Qe7 Rg8 49.Qf6 Qe4 50.g3 Rc8
51.Qf4 Qxf4 52.gxf4 Kc7 53.Kg3 Kd6 54.Kg4 Ke6 55.Kg5 Rc2 56.b3 Rb2 57.h5 Rxb3
58.h6 Rg3+ 59.Ng4 Kf7 60.f5 a5 61.bxa6 bxa6 62.f6 Rxg4+ 63.Kxg4 Kxf6 64.Kf4 a5
65.Ke4 a4 66.Kd4 a3 67.Kc3 Kg6  1/2-1/2

[Event "JUG-sf"]
[Site "Kladovo"]
[Date "1990.??.??"]
[Round "11"]
[White "Blagojevic, Dragisa"]
[Black "Stanojoski, Zvonko"]
[Result "1/2-1/2"]
[WhiteElo "2395"]
[BlackElo "2310"]

1.d4 d5 2.c4 c6 3.Nf3 Nf6 4.Nc3 e6 5.e3 Nbd7 6.Bd3 dxc4 7.Bxc4 b5 8.Bd3 a6
9.e4 c5 10.e5 cxd4 11.Nxb5 Ng4 12.Qa4 Rb8 13.Nd6+ Bxd6 14.exd6 Qb6 15.O-O Qxd6
16.Qxd4 Qxd4 17.Nxd4 Bb7 18.Be2 Ngf6 19.Bd2 O-O 20.Rfc1 Nd5 21.Kf1 Rfc8 22.Ke1 Nc5
23.f3 g6 24.Nc2 e5 25.Nb4 e4 26.fxe4 Nxb4 27.Bxb4 Nxe4 28.Ba3 Re8 29.Rc2 Nf6
30.Kf2 Nd5 31.Bc5 Rbc8 32.Rac1 Nf4 33.Bf1 Rcd8 34.Kg1 Nd3 35.Bxd3 Rxd3 36.Bf2  1/2-1/2

[Event "JUG-sf"]
[Site "Kladovo"]
[Date "1990.??.??"]
[Round "12"]
[White "Maksimovic, Branimir"]
[Black "Todorovic, Goran M"]
[Result "0-1"]
[WhiteElo "2365"]
[BlackElo "2415"]

1.d4 d5 2.c4 e6 3.Nf3 Nf6 4.Nc3 c6 5.e3 Nbd7 6.Be2 Bd6 7.Qc2 O-O 8.O-O dxc4
9.Bxc4 a6 10.Bd2 c5 11.Be2 Qc7 12.dxc5 Nxc5 13.Na4 Nxa4 14.Qxa4 Bd7 15.Qh4 e5
16.Rfd1 Bc6 17.Bb4 Rfd8 18.Bxd6 Rxd6 19.Rxd6 Qxd6 20.Qg3 Re8 21.Nd4 Ne4 22.Nf5 Nxg3
23.Nxd6 Nxe2+ 24.Kf1 Rd8 25.Rd1 Nd4 26.Nc4 Bb5 27.b3  0-1

[Event "Klaipeda"]
[Site "Klaipeda"]
[Date "1990.??.??"]
[Round "5"]
[White "Butnorius, Algimantas"]
[Black "Barstatis, Reinhardas"]
[Result "1/2-1/2"]
[WhiteElo "2440"]
[BlackElo "2240"]

1.c4 e6 2.d4 Nf6 3.Nf3 d5 4.Nc3 c6 5.e3 Nbd7 6.Bd3 dxc4 7.Bxc4 b5 8.Bd3 b4
9.Ne4 Be7 10.Nxf6+ Nxf6 11.Qc2 Bb7 12.O-O O-O 13.e4 h6 14.e5 Nd7 15.Be4 Qb6
16.Be3 c5 17.Rfd1 Rac8 18.dxc5 Nxc5 19.Bxb7 Qxb7 20.Qe2 Rfd8 21.Rac1 Rxd1+
22.Rxd1 Na4 23.h3 a5 24.Kh2 b3 25.axb3 Qxb3 26.Rd7 Re8 27.Bd4 Bc5 28.Bxc5 Nxc5
29.Rd2 Rb8 30.Rc2 Qd3 31.Ne1 Qd4 32.Nf3 Qd3 33.Ne1 Qd5 34.Nf3 Na4 35.Rd2 Qb7
36.Qd1 Nxb2 37.Rd8+ Kh7 38.Ng5+ Kg6 39.Qc2+ f5 40.Rxb8 Qxb8 41.Nf3 a4 42.Qc6 Qb3
43.Qe8+ Kh7 44.Ng5+  1/2-1/2

[Event "RSFSR-ch"]
[Site "Kuibishev"]
[Date "1990.??.??"]
[Round "?"]
[White "Sorokin, Maxim"]
[Black "Shabanov, Yuri"]
[Result "1/2-1/2"]
[WhiteElo "2480"]
[BlackElo "2375"]

1.c4 c6 2.Nf3 d5 3.e3 Nf6 4.Nc3 e6 5.d4 Nbd7 6.Bd3 Bd6 7.O-O O-O 8.e4 dxe4
9.Nxe4 Nxe4 10.Bxe4 h6 11.Bc2 e5 12.Re1 exd4 13.Qxd4 Bc5 14.Qc3 a5 15.Re2 Re8
16.Rxe8+ Qxe8 17.Qd3 Nf8 18.Bd2 Bg4 19.Re1 Qd7 20.Ne5 Qxd3 21.Nxd3 Bd6 22.c5 Bc7
23.Re7 Nd7 24.Bb3 a4 25.Bc4 Rf8 26.Bc3 Bd8 27.Re3 Bf5 28.Bd4 Bxd3 29.Rxd3 Bf6
30.Bxf6 Nxf6 31.f3 Re8 32.Kf2 Kf8 33.Rd4 Ra8 34.Ke3 Ke7 35.Rf4 Rd8 36.Ke2 g5
37.Rf5 Rd4 38.b3 Nd5 39.Bxd5 cxd5 40.Re5+ Kd7 41.Ke3 Rd1 42.Ke2 Rd4  1/2-1/2

[Event "RSFSR-ch"]
[Site "Kuibishev"]
[Date "1990.??.??"]
[Round "?"]
[White "Sherbakov, Ruslan"]
[Black "Sorokin, Maxim"]
[Result "1/2-1/2"]
[WhiteElo "2425"]
[BlackElo "2480"]

1.c4 e6 2.d4 d5 3.Nf3 Nf6 4.Nc3 c6 5.e3 Nbd7 6.Bd3 dxc4 7.Bxc4 b5 8.Bd3 Bb7
9.e4 b4 10.Na4 c5 11.e5 Nd5 12.O-O cxd4 13.Nxd4 Nxe5 14.Bb5+ Nd7 15.Re1 Rc8
16.Qh5 g6 17.Qe5 Qf6 18.Nf3 h6 19.Bf4 Be7 20.Rac1 Rd8 21.Qxf6 Bxf6 22.Nc5 Bc8
23.Ne5 Nxf4 24.Ncxd7 Bxd7 25.Nxd7 Ke7 26.Rc7 Kd6 27.Rc6+ Ke7 28.Rc7 Bxb2
29.Ne5+ Kd6 30.Rc6+ Ke7 31.Rc7+ Kd6 32.Rc6+ Ke7  1/2-1/2

[Event "RSFSR-ch"]
[Site "Kuibishev"]
[Date "1990.??.??"]
[Round "?"]
[White "Tunik, Gennady"]
[Black "Belikov, Vladimir"]
[Result "1/2-1/2"]
[WhiteElo "2475"]
[BlackElo "2375"]

1.d4 d5 2.Nf3 c6 3.c4 Nf6 4.Nc3 e6 5.e3 Nbd7 6.Bd3 dxc4 7.Bxc4 b5 8.Bd3 Bb7
9.O-O a6 10.a4 b4 11.Ne4 c5 12.Ned2 Be7 13.a5 O-O 14.Nc4 Qc7 15.Qe2 Be4 16.Bxe4 Nxe4
17.Nfe5 Nef6 18.Bd2 cxd4 19.exd4 Qb7 20.Rfc1 Rac8 21.Ne3 Rfd8 22.Nxd7 Nxd7
23.Rxc8 Rxc8 24.Qd3 Nf6 25.Rc1 Rxc1+ 26.Bxc1 Bd8 27.Nc4 Qb5 28.Ne5 Bxa5 29.Qxb5 axb5
30.Kf1 Bb6 31.Be3 Kf8 32.h3 Nd5 33.Ke2 Ke7 34.Kd3 f6 35.Nf3 Bc7 36.b3 Bd6
37.Bd2 g5 38.g3 Kf7 39.Ne1 Kg6 40.Nc2 h5 41.Ke4 f5+ 42.Kd3 g4 43.hxg4 hxg4
44.Ne1 f4 45.gxf4 Kf5 46.Ng2 Bxf4 47.Nxf4 Nxf4+ 48.Ke3 Nd5+ 49.Kd3 Nf4+ 50.Ke3 Nd5+
51.Kd3 Nc3 52.Bh6 Nd1 53.Ke2 Nc3+ 54.Kd3 Ne4 55.Ke3 Nf6 56.Kd3 Ne4 57.Ke3 Nf6
58.Kd3 Nd7 59.Bd2 Nb6 60.Ke3 e5 61.dxe5 Kxe5 62.Kd3 Nd5 63.Bg5 Nf4+ 64.Bxf4+ Kxf4
65.Ke2 Ke4 66.Kd2 Kd4 67.Kc2 Ke4 68.Kd2 Kf3 69.Ke1 g3  1/2-1/2

[Event "RSFSR-ch"]
[Site "Kuibishev"]
[Date "1990.??.??"]
[Round "?"]
[White "Obukhov, Alexander"]
[Black "Sherbakov, Ruslan"]
[Result "0-1"]
[WhiteElo "2225"]
[BlackElo "2425"]

1.d4 d5 2.c4 c6 3.Nc3 Nf6 4.e3 e6 5.Nf3 Nbd7 6.Bd3 dxc4 7.Bxc4 b5 8.Bd3 Bb7
9.e4 b4 10.Na4 c5 11.e5 Nd5 12.O-O cxd4 13.Nxd4 Nxe5 14.Bb5+ Nd7 15.Re1 Rc8
16.Qh5 g6 17.Qe5 Qf6 18.Nf3 Bg7 19.Bxd7+ Kxd7 20.Qe2 Qd8 21.a3 b3 22.Bd2 Ke7
23.Qb5 Bc6 24.Qxb3 Kf8 25.Rad1 Kg8 26.Ne5 Be8 27.Nc3 Qb6 28.Qc2 Qb8 29.Qe4 Nf6
30.Qb1 h6 31.b4 Kh7 32.Nd3 Ng4 33.Bf4 e5 34.Bd2 Rxc3 35.Bxc3 e4 36.Rxe4 Qxh2+
37.Kf1 Bxc3 38.Rxg4 Ba4 39.Rc1 Qh1+ 40.Ke2 Re8+ 41.Kf3 Bc6+  0-1

[Event "RSFSR-ch"]
[Site "Kuibishev"]
[Date "1990.??.??"]
[Round "?"]
[White "Obukhov, Alexander"]
[Black "Doroshkievich, Vladimir K"]
[Result "1/2-1/2"]
[WhiteElo "2225"]
[BlackElo "2360"]

1.d4 d5 2.c4 c6 3.Nc3 Nf6 4.e3 e6 5.Nf3 Nbd7 6.Bd3 dxc4 7.Bxc4 b5 8.Bd3 Bb7
9.e4 b4 10.Na4 c5 11.e5 Nd5 12.O-O cxd4 13.Nxd4 Nxe5 14.Bb5+ Nd7 15.Re1 Rc8
16.Qh5 g6 17.Qe5 Qf6 18.Nf3 Bg7 19.Bxd7+ Kxd7 20.Qe2 Qd8 21.a3 b3 22.Bd2 Ke7
23.Qb5 Bc6 24.Qxb3 Kf8 25.Ne5 Be8 26.Nc3 Qb6 27.Qa2 Ne7 28.Bf4 h6 29.Rad1 g5
30.Be3 Qc7 31.Nd3 Nf5 32.Bc5+ Kg8 33.a4 Rd8 34.Ne4 Bc6 35.b4 a5 36.Qa3 Qb7
37.f3 axb4 38.Bxb4 Kh7 39.Ndc5 Qa7 40.Kh1 Nd4 41.Rd2 Rd5 42.Ng3 Rb8 43.Nh5 Rxb4
44.Qxb4 Nxf3 45.Rxd5 Bxd5 46.Rd1 Nh4 47.Rxd5 exd5 48.Nxg7 Kxg7 49.Qd4+  1/2-1/2

[Event "RSFSR-ch"]
[Site "Kuibishev"]
[Date "1990.??.??"]
[Round "?"]
[White "Kharlov, Andrei"]
[Black "Sherbakov, Ruslan"]
[Result "1/2-1/2"]
[WhiteElo "2425"]
[BlackElo "2425"]

1.d4 d5 2.c4 c6 3.Nc3 Nf6 4.e3 e6 5.Nf3 Nbd7 6.Bd3 dxc4 7.Bxc4 b5 8.Bd3 Bb7
9.O-O a6 10.e4 c5 11.d5 c4 12.dxe6 fxe6 13.Bc2 Qc7 14.Qe2 Bd6 15.Nd4 Nc5
16.f4 e5 17.Nf5 Nd3 18.Bxd3 cxd3 19.Qxd3 Bc5+ 20.Kh1 O-O 21.fxe5  1/2-1/2

[Event "RSFSR-ch"]
[Site "Kuibishev"]
[Date "1990.??.??"]
[Round "?"]
[White "Meister, Yakov"]
[Black "Kharlov, Andrei"]
[Result "1/2-1/2"]
[WhiteElo "2415"]
[BlackElo "2425"]

1.c4 e6 2.Nc3 d5 3.d4 c6 4.e3 Nf6 5.Nf3 Nbd7 6.Qc2 Bd6 7.Bd2 O-O 8.O-O-O e5
9.cxd5 cxd5 10.Nb5 Bb8 11.dxe5 Nxe5 12.Bc3 a6 13.Nbd4 Ne4 14.Nxe5 Nxc3 15.Qxc3 Bxe5
16.Kb1 Qf6 17.Rd2 Bf5+ 18.Bd3  1/2-1/2

[Event "Leningrad it"]
[Site "Leningrad"]
[Date "1990.??.??"]
[Round "?"]
[White "Sakaev, Konstantin"]
[Black "Ivanov, Sergey"]
[Result "1/2-1/2"]
[WhiteElo "2370"]
[BlackElo "2460"]

1.d4 d5 2.c4 c6 3.Nf3 Nf6 4.Nc3 e6 5.e3 Nbd7 6.Bd3 dxc4 7.Bxc4 b5 8.Bd3 a6
9.e4 c5 10.d5 c4 11.Bc2 Qc7 12.Qe2 Bd6 13.Bg5 Bb7 14.O-O O-O-O 15.dxe6 fxe6
16.b3 Ne5 17.bxc4 Nxf3+ 18.Qxf3 Bxh2+ 19.Kh1 Be5 20.Rac1 Kb8 21.Bb3 bxc4
22.Bxf6 gxf6 23.Ne2 Rd3 24.Qh5 Qg7 25.Bxc4 Qg6 26.Qxg6 hxg6+ 27.Kg1 Bh2+
28.Kh1 Rd2 29.Rfd1 Bxe4 30.Rxd2 Bf4+ 31.Kg1 Bxd2 32.Rd1 Rd8 33.Bxe6 Bc2 34.Ra1 Bd3
35.Ng3 Kc7 36.Nf1 Bb4 37.Ne3 Kd6 38.Bb3 Ke5 39.Rd1 Rd4 40.Ng4+ Rxg4  1/2-1/2

[Event "Leningrad it"]
[Site "Leningrad"]
[Date "1990.??.??"]
[Round "?"]
[White "Ivanov, Sergey"]
[Black "Yuneev, Alexey"]
[Result "1-0"]
[WhiteElo "2460"]
[BlackElo "2370"]

1.d4 Nf6 2.c4 e6 3.Nf3 d5 4.Nc3 c6 5.e3 Nbd7 6.Qc2 Bd6 7.Be2 O-O 8.O-O dxc4
9.Bxc4 e5 10.h3 Qe7 11.Bd2 e4 12.Ng5 Nb6 13.Bb3 Nbd5 14.Ngxe4 Nxe4 15.Qxe4 Nxc3
16.Qxe7 Ne2+ 17.Kh1 Bxe7 18.Rfe1 Nxd4 19.exd4 Bd6 20.Bg5 Bb4 21.Re5 Bd6 22.Re3 Bd7
23.Be7 Bxe7 24.Rxe7 Rad8 25.Rae1 b6 26.R1e4 a5 27.Kg1 a4 28.Bxa4 Be6 29.Bxc6 Bxa2
30.b4 f5 31.Re2 Bc4 32.Rd2 Rf6 33.b5 Rfd6 34.Rb7 f4 35.Rxb6 Bxb5 36.Rxb5 Rxc6
37.Rf5 Rf8 38.Rxf8+ Kxf8 39.Kf1 Kf7 40.d5 Rd6 41.Ke2 g5 42.Kf3 Kf6 43.Ke4 Rd7
44.d6 Ke6 45.f3 h6 46.Rd1 Rxd6 47.Rxd6+ Kxd6 48.Kf5 Ke7 49.Kg6 Ke6 50.Kxh6  1-0

[Event "Lvov zt"]
[Site "Lvov"]
[Date "1990.??.??"]
[Round "?"]
[White "Lputian, Smbat G"]
[Black "Novikov, Igor A"]
[Result "1-0"]
[WhiteElo "2545"]
[BlackElo "2550"]

1.d4 d5 2.c4 e6 3.Nc3 c6 4.Nf3 Nf6 5.e3 Nbd7 6.Be2 Bd6 7.b3 O-O 8.Bb2 Qe7
9.O-O Ne4 10.Nxe4 dxe4 11.Ne5 f5 12.a4 Nxe5 13.dxe5 Bb4 14.Qc2 b6 15.Rfd1 Bb7
16.Bc3 Bxc3 17.Qxc3 Rfd8 18.c5 Qxc5 19.Qxc5 bxc5 20.Bc4 Kf7 21.a5 Ke7 22.h4 Rxd1+
23.Rxd1 Bc8 24.Kf1 Bd7 25.Ke2 Rd8 26.Rd6 Rf8 27.g3 Rd8 28.Ke1 Rg8 29.Kd2 g5
30.hxg5 Rxg5 31.Ke2 Rh5 32.Rd1 Rh2 33.Rf1 Be8 34.Kd2 h5 35.Be2 h4 36.gxh4 Rxh4
37.Rc1 Rh2 38.Ke1 Rh1+ 39.Kd2 Rh2 40.Rf1 Rh4 41.Rg1 Rh2 42.Ke1 Bf7 43.Ba6 Rh8
44.Bc4 Rh2 45.Kf1 Rh4 46.Ke2 Rh2 47.Rf1 Rh8 48.Kd2 Rh3 49.Rc1 Rh2 50.Rf1 Rh3
51.Be2 Be8 52.a6 Rh4 53.Rc1 Rh2 54.Rf1 Rh4 55.Rb1 Rh2 56.b4 Rxf2 57.Ke1 Rh2
58.bxc5 Rh1+ 59.Bf1 Bh5 60.Rb7+ Kd8 61.Rxa7 Bg4 62.Kf2 Rh2+ 63.Kg3 Ra2 64.Bc4 Ra4
65.Bxe6 f4+ 66.Kxg4 fxe3 67.Kg3 Ra1 68.Bc4  1-0

[Event "Lvov zt"]
[Site "Lvov"]
[Date "1990.??.??"]
[Round "?"]
[White "Vyzmanavin, Alexey"]
[Black "Mikhalchishin, Adrian"]
[Result "1-0"]
[WhiteElo "2560"]
[BlackElo "2485"]

1.d4 d5 2.c4 c6 3.Nf3 Nf6 4.Nc3 e6 5.e3 Nbd7 6.Qc2 Bd6 7.Be2 dxc4 8.Bxc4 b5
9.Be2 Bb7 10.O-O O-O 11.Rd1 Qc7 12.a3 a6 13.b4 a5 14.Rb1 axb4 15.axb4 Nd5
16.e4 Nxb4 17.Qb3 Na6 18.Bxb5 Rab8 19.Bc4 Ba8 20.Qa2 Rxb1 21.Qxb1 Rb8 22.Qa2 Nb4
23.Qe2 Nb6 24.Bb3 Bb7 25.Ng5 Bxh2+ 26.Kh1 Bf4 27.Qh5 Bxg5 28.Qxg5 Nd7 29.Bf4 Qd8
30.Qg3 Ra8 31.Bd6 Na6 32.Rb1 Bc8 33.Ba4 Nf6 34.Bxc6 Ra7 35.d5 exd5 36.exd5 Bf5
37.Re1 Nc7 38.Qe5 Bg6 39.Be7 Qc8 40.Bxf6 gxf6 41.Qxf6 Ra3 42.Nb5 Rh3+ 43.Kg1  1-0

[Event "Lvov zt"]
[Site "Lvov"]
[Date "1990.??.??"]
[Round "?"]
[White "Bareev, Evgeny"]
[Black "Novikov, Igor A"]
[Result "1/2-1/2"]
[WhiteElo "2590"]
[BlackElo "2550"]

1.d4 d5 2.c4 e6 3.Nc3 c6 4.e3 Nf6 5.Nf3 Nbd7 6.Bd3 dxc4 7.Bxc4 b5 8.Be2 Bb7
9.O-O Be7 10.e4 b4 11.e5 bxc3 12.exf6 Nxf6 13.bxc3 O-O 14.Rb1 Qc8 15.Qb3 Ba6
16.Bxa6 Qxa6 17.Ne5 Bd6 18.Qc4 Qxc4 19.Nxc4 Bc7 20.Rb7 Nd5 21.Bd2 Rfb8 22.Rfb1 Rxb7
23.Rxb7 Rb8 24.Rxb8+ Bxb8 25.Na5 Ne7 26.Kf1 Kf8 27.Ke2 Ke8 28.g3 Kd7 29.Nb7 e5
30.Nc5+ Ke8 31.Na6 Bd6 32.dxe5 Bxe5 33.Kd3 Nc8 34.c4 Kd7 35.f4 Bd6 36.Be3 g6
37.g4 f6 38.Ke4 Be7 39.c5 Bf8 40.Bd4 Bg7 41.f5 Ne7 42.Nb4 h5 43.h3 hxg4 44.hxg4 gxf5+
45.gxf5 Ng8 46.a4 Bh6 47.Nd3 Bg5 48.Ne1 Bh4  1/2-1/2

[Event "Lyon op"]
[Site "Lyon"]
[Date "1990.??.??"]
[Round "?"]
[White "Hansen, Sune Berg"]
[Black "Zak, Uriel"]
[Result "1-0"]
[WhiteElo "2335"]
[BlackElo "2295"]

1.d4 d5 2.c4 c6 3.e3 Nf6 4.Nc3 e6 5.Nf3 Nbd7 6.Bd3 dxc4 7.Bxc4 b5 8.Be2 a6
9.e4 b4 10.e5 bxc3 11.exf6 cxb2 12.fxg7 Bxg7 13.Bxb2 c5 14.O-O O-O 15.Qc2 Rb8
16.Rab1 cxd4 17.Bxd4 Bb7 18.Bxg7 Kxg7 19.Rfd1 Bd5 20.Rxb8 Nxb8 21.Bc4 Be4
22.Qe2 Bxf3 23.Qxf3 Qf6 24.Qg3+ Qg6 25.Qc7 Qe4 26.Bd3 Qh4 27.g3 Qd8 28.Qc2 h6
29.Bxa6 Qb6 30.Qc3+ f6 31.Bd3 Rd8 32.Qc4 Qd4 33.Qxe6  1-0

[Event "Lyon op"]
[Site "Lyon"]
[Date "1990.??.??"]
[Round "?"]
[White "Shneider, Aleksandr"]
[Black "Payen, Arnaud"]
[Result "1/2-1/2"]
[WhiteElo "2485"]
[BlackElo "2270"]

1.d4 d5 2.Nf3 Nf6 3.c4 c6 4.Nc3 e6 5.e3 Nbd7 6.Bd3 dxc4 7.Bxc4 b5 8.Bd3 a6
9.e4 c5 10.e5 cxd4 11.Nxb5 Nxe5 12.Nxe5 axb5 13.Bxb5+ Bd7 14.Nxd7 Qa5+ 15.Bd2 Qxb5
16.Nxf8 Kxf8 17.b3 Nd5 18.a4 Qd3 19.Qe2 Qxb3 20.O-O Nc3 21.Bxc3 dxc3 22.Qe5 c2
23.Qc5+ Kg8 24.Ra3 Qb2 25.Qc6 Qxa3 26.Qxa8+ Qf8 27.Qc6 g6 28.Qxc2 Qe7 29.Qc3 h6
30.a5 Kh7 31.a6 Ra8 32.Ra1 Qd6 33.Qa3 Qb6 34.a7 Qb7 35.h3 Kg8 36.Qc5 Kh7
37.Kh2 Kg8 38.Ra3 Kh7 39.Ra5 Kg8 40.Ra4 Kh7 41.Ra2 Kg8 42.h4 h5 43.Ra3 Kh7
44.g3 Kg8 45.Qa5 Kh7 46.Ra1 Kg8 47.Kg1 Kh7 48.Qa4 Kg8 49.Qa6 Qc7 50.Qa5  1/2-1/2

[Event "Lyon zt"]
[Site "Lyon"]
[Date "1990.??.??"]
[Round "3"]
[White "Meulders, Richard"]
[Black "Kuijf, Marinus"]
[Result "1-0"]
[WhiteElo "2320"]
[BlackElo "2490"]

1.d4 d5 2.c4 e6 3.Nc3 c6 4.e3 Nf6 5.Nf3 Nbd7 6.Bd3 Bb4 7.O-O O-O 8.Qb3 Ba5
9.Bd2 Bc7 10.Rad1 Qe7 11.e4 dxc4 12.Bxc4 e5 13.d5 Nb6 14.Bg5 h6 15.Bxf6 Qxf6
16.Rfe1 Nxc4 17.Qxc4 Bg4 18.Rd3 Rad8 19.h3 Bc8 20.Red1 Rfe8 21.b4 Bb8 22.a4 a6
23.a5 g6 24.dxc6 Rxd3 25.Rxd3 Qxc6 26.Qxc6 bxc6 27.Na4 Kf8 28.Nb6 Ke7 29.Nc4 Ke6
30.Nfd2 Ke7 31.Nb3 Be6 32.Rc3 Rd8 33.Kf1 Rd1+ 34.Ke2 Rb1 35.Ncd2 Rb2 36.Nc5 Bc8
37.Nd3 Ra2 38.Rxc6 Bd7  1-0

[Event "Lyon zt"]
[Site "Lyon"]
[Date "1990.??.??"]
[Round "5"]
[White "Stull, Norbert"]
[Black "Kuijf, Marinus"]
[Result "0-1"]
[WhiteElo "2235"]
[BlackElo "2490"]

1.d4 Nf6 2.Nf3 d5 3.c4 c6 4.Nc3 e6 5.e3 Nbd7 6.Bd3 dxc4 7.Bxc4 b5 8.Bd3 a6
9.e4 c5 10.e5 cxd4 11.Nxb5 Nxe5 12.Nxe5 axb5 13.Bxb5+ Bd7 14.Nxd7 Qa5+ 15.Bd2 Qxb5
16.Nxf8 Kxf8 17.a4 Qxb2 18.O-O Ne4 19.Bf4 Nc3 20.Qf3 Ke7 21.Rfe1 Rhd8 22.Qg4 Kf8
23.h4 Rd5 24.a5 d3 25.a6 Ne2+ 26.Kh1 Qd4 27.Ra4 Qxf2 28.Rb1 h5 29.Bd6+ Kg8
30.Qb4 Rd4 31.Qb7 Rxa4 32.Qxa8+ Kh7 33.g3 Nxg3+ 34.Bxg3 Qxg3  0-1